Movies Quiz

Random Movies or Marvel Quiz

Marvel Cinematic Universe: Oldest to Newest Quiz Stats

 Plays Quiz Updated Jul 8, 2021

Support Sporcle.
Go Orange.
Score 0/24 Timer 05:00
2,063 Plays Today
% Correct
???
100%
???
87.2%
???
77.3%
???
69.2%
???
63.8%
???
57.6%
???
50.6%
???
44.3%
???
38.5%
???
32.2%
???
28.2%
???
24.8%
% Correct
???
20.1%
???
15.9%
???
12%
???
9.3%
???
7.7%
???
7.2%
???
6.1%
???
5.7%
???
5.4%
???
5.3%
???
5.2%
???
4.6%

You're not logged in!

Compare scores with friends on all Sporcle quizzes.
OR
Log In
Forgot?

Sporcle TV

MCU Movies in Order


There are a ton of movies in the Marvel Cinematic Universe, but keeping track of when they were released can be tricky. Watch Derek try to get them all in order without making a mistake!

From the Vault

Images That Start with 'SP'

by sproutcm

You might need your sparkly spacesuit for this one.
Remove Ads.
Support Sporcle.
Get the best of Sporcle when you Go Orange. This ad-free experience offers more features, more stats, and more fun while also helping to support Sporcle. Thank you for becoming a member.

Show Comments

Extras

Top Quizzes Today


Score Distribution

Your Account Isn't Verified!

In order to create a playlist on Sporcle, you need to verify the email address you used during registration. Go to your Sporcle Settings to finish the process.

Report this User

Report this user for behavior that violates our Community Guidelines.

Details: